000
00316nam a22001337a 4500
008
180126b xxu||||| |||| 00| 0 eng d
020
_a
9780078600197
041
_a
eng
080
_2
7 ed
_a
34
100
_a
14
101
_a
jur
245
_a
street law a coourse in practical law
_c
lee.p.a
942
_2
udc
_c
BK
999
_c
41008
_d
41008